000 00428nam a2200181Ia 4500
008 100917s9999 xx 000 0 und d
082 _b46524
100 _aPeter Dickinson
245 _aThe Gift
260 _bHeinemann Education Books
_c1973
300 _a173
365 _b0
520 _aबालविभाग
630 _aThe Gift
650 _aबालविभाग
730 _aThe Gift
942 _cBOOK
999 _c651918
_d651915